000 00957cam a2200265 4500
008 011127n2001 000 0 eng u
020 _a1842190830
035 _a(Sirsi) u115742
050 _a711.52
100 _aGibb, K.
245 _aCities in competition
260 _aLondon
_bRICS Foundation
_c2001
300 _aiii,20p.
_c30cm
490 _aRICS Foundation Report Series
520 _aExecutive summary of "The future of UK cities : measurement and interpretation" investigating the impact of competition between cities to attract businesses and workers on the property industry.
650 _aCITIES
650 _aPROPERTY MARKET
650 _aURBAN COMPETITIVENESS
690 _aPROPERTY LAW AND PRACTICE
700 _aKasparova, D.
700 _aLever, W.
710 _aRoyal Institution of Chartered Surveyors
_bFoundation
_94173
710 _aRoyal Institution of Chartered Surveyors
_bJunior Organisation
_91458
942 _n0
999 _c101786
_d101786